[Event "ODJM B 2018"]
[Site "Willingen GER"]
[Date "2018.05.20"]
[Round "1"]
[White "Trams, Emma Joe"]
[Black "Kovac, Linda"]
[Result "0-1"]
[Termination "normal"]
[Board "13"]
[WhiteElo "1359"]
[BlackElo "1629"]
[PlyCount "60"]
[WhiteFideId "16206517"]
[BlackFideId "12938815"]
[EventCountry "GER"]
[EventRounds "9"]
[EventType "swiss"]
[EventDate "2018.05.19"]

1. e4 c5 2. Nf3 g6 3. c3 Bg7 4. d4 cxd4 5. cxd4 d6 6. Nc3 Bg4 7. Be3 Nc6 8. Bb5
a6 9. Be2 Nf6 10. h3 Bd7 11. O-O O-O 12. Qd2 b5 13. a3 Rc8 14. Rfd1 Na5 15.
Rab1 Nc4 16. Qd3 Qc7 17. Rdc1 Qb7 18. Qd1 Nxe4 19. Qb3 Nxe3 20. fxe3 Ng3 21.
Bd3 Bxh3 22. Kh2 Bxg2 23. Kxg2 Nh5 24. Kf2 e5 25. d5 f5 26. e4 Qb6+ 27. Ke2
Nf4+ 28. Kd2 Qf2+ 29. Be2 Bh6 30. Kd1 Nxe2 0-1

[Event "ODJM B 2018"]
[Site "Willingen GER"]
[Date "2018.05.20"]
[Round "1"]
[White "Schulze, Lukas"]
[Black "Arnold, Leander"]
[Result "0-1"]
[Termination "normal"]
[Board "14"]
[WhiteElo "1502"]
[BlackElo "1808"]
[PlyCount "72"]
[WhiteFideId "12956856"]
[BlackFideId "12990230"]
[EventCountry "GER"]
[EventRounds "9"]
[EventType "swiss"]
[EventDate "2018.05.19"]

1. Nf3 Nf6 2. c4 g6 3. g3 Bg7 4. Bg2 O-O 5. O-O d6 6. d4 c6 7. Nc3 Bf5 8. Re1
Ne4 9. Be3 Nxc3 10. bxc3 Be4 11. Qb3 Qc7 12. Nd2 Bxg2 13. Kxg2 c5 14. Ne4 b6
15. Red1 Nc6 16. Kg1 cxd4 17. cxd4 Na5 18. Qb2 Nxc4 19. Qc2 Rac8 20. Rdc1 Qb7
21. Qd3 d5 22. Nc3 e6 23. Rab1 Rc6 24. Bf4 Rfc8 25. Nb5 a6 26. Nc3 b5 27. a4 b4
28. Rb3 Qe7 29. Na2 a5 30. Rd1 Qd7 31. Qf3 Rb6 32. Nc1 Qxa4 33. Rbd3 Nb2 34.
Nb3 Nxd1 35. Rxd1 Rc3 36. Nc5 Qxd1+ 0-1

[Event "ODJM B 2018"]
[Site "Willingen GER"]
[Date "2018.05.20"]
[Round "1"]
[White "Zieringer, Sebastian"]
[Black "Peglau, Sarah"]
[Result "1-0"]
[Termination "normal"]
[Board "15"]
[WhiteElo "1751"]
[BlackElo "1315"]
[PlyCount "115"]
[WhiteFideId "16222008"]
[BlackFideId "16219961"]
[EventCountry "GER"]
[EventRounds "9"]
[EventType "swiss"]
[EventDate "2018.05.19"]

1. e4 e6 2. d4 d5 3. e5 c5 4. c3 Bd7 5. Nf3 Qb6 6. Bd3 Bb5 7. O-O Nc6 8. Qe2
Bxd3 9. Qxd3 Nge7 10. dxc5 Qxc5 11. Be3 Qa5 12. Nbd2 Ng6 13. Bd4 Nxd4 14. cxd4
Be7 15. Nb3 Qb6 16. g3 O-O 17. h4 Rfc8 18. Nfd2 Rc6 19. f4 f5 20. exf6 Bxf6 21.
f5 Ne5 22. Qe3 Nc4 23. Nxc4 dxc4 24. Nc5 Bxd4 25. Qxd4 Qxc5 26. Qxc5 Rxc5 27.
fxe6 Re5 28. Rae1 Rxe1 29. Rxe1 Re8 30. Re4 b5 31. Kf2 Kf8 32. Ke3 Ke7 33. Kd4
Kd6 34. e7 Rxe7 35. Rxe7 Kxe7 36. Kc5 a6 37. a3 Kd7 38. Kb6 g6 39. g4 h6 40.
Kxa6 Kc6 41. g5 h5 42. Ka5 Kc5 43. Ka6 b4 44. axb4+ Kxb4 45. Kb6 Kb3 46. Kc5 c3
47. bxc3 Kxc3 48. Kd5 Kd3 49. Ke5 Ke3 50. Kf6 Kf4 51. Kxg6 Kg3 52. Kf6 Kxh4 53.
g6 Kg3 54. g7 h4 55. g8=Q+ Kh2 56. Kf5 h3 57. Qg4 Kh1 58. Qxh3+ 1-0

[Event "ODJM B 2018"]
[Site "Willingen GER"]
[Date "2018.05.20"]
[Round "1"]
[White "Schelhorn, Paul"]
[Black "Lorenz, Keana"]
[Result "1-0"]
[Termination "normal"]
[Board "17"]
[WhiteElo "1759"]
[BlackElo "1439"]
[PlyCount "57"]
[WhiteFideId "12964077"]
[BlackFideId "12990248"]
[EventCountry "GER"]
[EventRounds "9"]
[EventType "swiss"]
[EventDate "2018.05.19"]

1. d4 d5 2. c4 e6 3. Nc3 Nf6 4. Bg5 Nbd7 5. Nf3 Be7 6. e3 O-O 7. Qc2 b6 8. cxd5
exd5 9. Bd3 c5 10. b3 cxd4 11. Nxd4 Bb7 12. O-O Rc8 13. Qb2 Ne5 14. Bf5 Rc7 15.
Ncb5 Rc5 16. Bxf6 Bxf6 17. Qb1 g6 18. Bh3 Nd7 19. Nd6 Ba6 20. Rd1 Qc7 21. b4
Rc6 22. Nxc6 Bxa1 23. Ne7+ Kh8 24. Qxa1+ f6 25. Bxd7 Qxd7 26. Nxd5 Qxd6 27. Nf4
Qxb4 28. Ne6 Be2 29. Rd8 1-0

[Event "ODJM B 2018"]
[Site "Willingen GER"]
[Date "2018.05.20"]
[Round "1"]
[White "Johlke, Lukas"]
[Black "Matthes, Benjamin"]
[Result "0-1"]
[Termination "time forfeit"]
[Board "18"]
[WhiteElo "1529"]
[BlackElo "1829"]
[PlyCount "42"]
[WhiteFideId "16252861"]
[BlackFideId "16227298"]
[EventCountry "GER"]
[EventRounds "9"]
[EventType "swiss"]
[EventDate "2018.05.19"]

1. e4 c5 2. Nf3 Nc6 3. Bb5 e6 4. Nc3 Nge7 5. d4 cxd4 6. Nxd4 a6 7. Nxc6 Nxc6 8.
Bd3 g6 9. O-O Bg7 10. Be3 O-O 11. f4 d5 12. Bc5 Re8 13. e5 b6 14. Bf2 Bf8 15.
Na4 Rb8 16. a3 Bd7 17. b3 Na7 18. Bxa6 Nb5 19. Bxb5 Bxb5 20. Re1 Bxa4 21. bxa4
21... Ra8 {Zeitueberschreitung} 0-1

[Event "ODJM B 2018"]
[Site "Willingen GER"]
[Date "2018.05.20"]
[Round "1"]
[White "Brockmeyer, Tobias"]
[Black "Becker, Lukas"]
[Result "1-0"]
[Termination "normal"]
[Board "19"]
[WhiteElo "1688"]
[BlackElo "1540"]
[PlyCount "49"]
[WhiteFideId "12982385"]
[EventCountry "GER"]
[EventRounds "9"]
[EventType "swiss"]
[EventDate "2018.05.19"]

1. d4 g6 2. c4 Bg7 3. e4 c5 4. d5 d6 5. f4 Nf6 6. Nc3 O-O 7. Nf3 Bg4 8. h3 Bxf3
9. Qxf3 Na6 10. g4 b6 11. g5 Nd7 12. h4 f6 13. Bh3 h6 14. gxh6 Bxh6 15. Qg4 g5
16. Qxd7 Qxd7 17. Bxd7 gxf4 18. Be6+ Kh7 19. Rg1 Nb4 20. Kd1 Nd3 21. Kc2 Ne5
22. b3 a6 23. Rf1 f3 24. Bf5+ Ng6 25. h5 1-0

[Event "ODJM B 2018"]
[Site "Willingen GER"]
[Date "2018.05.20"]
[Round "1"]
[White "Kistner, Sinan"]
[Black "Thorz, Maximilian"]
[Result "1/2-1/2"]
[Termination "normal"]
[Board "20"]
[WhiteElo "1552"]
[BlackElo "1639"]
[PlyCount "152"]
[WhiteFideId "16219643"]
[BlackFideId "16220668"]
[EventCountry "GER"]
[EventRounds "9"]
[EventType "swiss"]
[EventDate "2018.05.19"]

1. c4 Nf6 2. Nc3 b6 3. d4 Bb7 4. Nf3 d5 5. e3 e6 6. Ne5 Be7 7. Qa4+ c6 8. cxd5
exd5 9. Bd3 O-O 10. O-O c5 11. dxc5 Bxc5 12. Rd1 Re8 13. Nf3 Nbd7 14. Bb5 Re7
15. Bxd7 Qxd7 16. Qxd7 Rxd7 17. b3 Rad8 18. Bb2 Ba6 19. Ne5 Rc7 20. Nd3 Be7 21.
Nf4 Rcd7 22. Rac1 Ne4 23. Nxe4 dxe4 24. Rd4 Bc5 25. Rxd7 Rxd7 26. Bc3 Ba3 27.
Rb1 Rc7 28. Nd5 Rc6 29. Nb4 Bxb4 30. Bxb4 Rc2 31. Ra1 Bd3 32. h3 f5 33. a4 Kf7
34. Ba3 Ke6 35. Rc1 Rxc1+ 36. Bxc1 Bc2 37. b4 Bxa4 38. Bb2 g6 39. Kf1 Kd5 40.
Bc3 Kc4 41. Be1 Bd1 42. Bd2 Kb5 43. Ke1 Bc2 44. f3 a5 45. bxa5 bxa5 46. Bc3 a4
47. Kd2 Bd3 48. h4 Kc4 49. f4 Kb3 50. Bd4 Bf1 51. g3 a3 52. Bc3 Kc4 53. Bd4 Kd5
54. Be5 h6 55. Bg7 a2 56. Kc1 Kc4 57. Kd2 Bd3 58. Bc3 Kd5 59. Kc1 Ke6 60. Kb2
Bc4 61. Bg7 Kd5 62. Bxh6 Bb3 63. Bg7 Kc4 64. Bd4 a1=Q+ 65. Kxa1 Kd3 66. Kb2 Ba4
67. Ka3 Bd1 68. Kb4 Ke2 69. Kc5 Kf3 70. Kd6 Kxg3 71. Ke5 Kxh4 72. Kf6 Bh5 73.
Bc5 Kg4 74. Bd4 Kf3 75. Bc5 Ke2 76. Bd4 Kd3 1/2-1/2

[Event "ODJM B 2018"]
[Site "Willingen GER"]
[Date "2018.05.20"]
[Round "1"]
[White "Jenner, Meikel"]
[Black "Rautenberg, Jakob"]
[Result "1-0"]
[Termination "normal"]
[Board "21"]
[WhiteElo "1679"]
[BlackElo "1519"]
[PlyCount "59"]
[WhiteFideId "16245342"]
[BlackFideId "16214749"]
[EventCountry "GER"]
[EventRounds "9"]
[EventType "swiss"]
[EventDate "2018.05.19"]

1. e4 e5 2. Nc3 Nf6 3. f4 d5 4. fxe5 Nxe4 5. Nf3 Nc6 6. Bb5 Nxc3 7. bxc3 Bd7 8.
O-O a6 9. Bxc6 Bxc6 10. d4 Be7 11. e6 O-O 12. exf7+ Rxf7 13. Ne5 Rxf1+ 14. Qxf1
Qe8 15. Bf4 Bb5 16. Qf3 Bc6 17. Re1 Bd6 18. Qg3 Bxe5 19. Bxe5 Qf7 20. Bxc7 Bb5
21. Bd6 Rd8 22. h3 Rd7 23. Re3 Qh5 24. Re5 Qd1+ 25. Kh2 Rf7 26. Qe3 g6 27. Re8+
Bxe8 28. Qxe8+ Kg7 29. Be5+ Kh6 30. Qxf7 1-0

[Event "ODJM B 2018"]
[Site "Willingen GER"]
[Date "2018.05.20"]
[Round "1"]
[White "Strack, Patrick"]
[Black "Henzgen, Nick"]
[Result "1-0"]
[Termination "normal"]
[Board "23"]
[WhiteElo "1742"]
[BlackElo "1633"]
[PlyCount "53"]
[WhiteFideId "16266021"]
[BlackFideId "16212347"]
[EventCountry "GER"]
[EventRounds "9"]
[EventType "swiss"]
[EventDate "2018.05.19"]

1. e4 e5 2. Nf3 Nc6 3. Bc4 Bc5 4. b4 Bxb4 5. c3 Ba5 6. d4 exd4 7. Qb3 Qe7 8.
O-O Bb6 9. Bg5 Nf6 10. e5 Nxe5 11. Nxe5 Qxe5 12. Bxf7+ Kf8 13. Bh4 c6 14. Nd2
d5 15. Rfe1 Qd6 16. Bxf6 Qxf6 17. Re8+ Kxf7 18. Rxh8 g6 19. Rxh7+ Kg8 20. Ne4
Qe6 21. Ng5 Qf5 22. h4 d3 23. Rf7 Qe5 24. Qb2 Bc7 25. f4 Qd6 26. Re1 Bb6+ 27.
Qxb6 1-0

[Event "ODJM B 2018"]
[Site "Willingen GER"]
[Date "2018.05.20"]
[Round "1"]
[White "Raasch, Hauke"]
[Black "Yeremyan, Nazik"]
[Result "0-1"]
[Termination "normal"]
[Board "24"]
[WhiteElo "1555"]
[BlackElo "1681"]
[PlyCount "80"]
[WhiteFideId "16210034"]
[BlackFideId "13311468"]
[EventCountry "GER"]
[EventRounds "9"]
[EventType "swiss"]
[EventDate "2018.05.19"]

1. d4 d5 2. Nc3 Nf6 3. Bf4 Bf5 4. e3 e6 5. f3 Nh5 6. Nge2 Nxf4 7. Nxf4 Bd6 8.
g3 Bxf4 9. exf4 Nc6 10. Bb5 Qd6 11. a3 a6 12. Bxc6+ Qxc6 13. Qe2 Qb6 14. O-O-O
O-O-O 15. h4 h5 16. g4 Bg6 17. Qe3 Kb8 18. Qe5 f6 19. Qe2 Ka8 20. Na4 Qd6 21.
Qd2 b6 {(=)} 22. Nc3 Rc8 23. Kb1 b5 24. Rde1 c5 25. dxc5 Rxc5 26. Ne4 Bxe4 27.
Rxe4 Rc4 28. Rxc4 bxc4 29. g5 Rb8 30. Ka1 d4 31. Rd1 Rxb2 32. Qc3 dxc3 33. Rxd6
Rxc2 34. Rc6 fxg5 35. fxg5 Rc1+ 36. Ka2 Rc2+ 37. Ka1 Rc1+ 38. Ka2 Rf1 39. Rxa6+
Kb7 40. Rxe6 c2 0-1

[Event "ODJM B 2018"]
[Site "Willingen GER"]
[Date "2018.05.20"]
[Round "1"]
[White "Udaykumar, Arunn Mark"]
[Black "Ljuca, Rijad"]
[Result "0-1"]
[Termination "normal"]
[Board "25"]
[WhiteElo "1765"]
[BlackElo "1441"]
[PlyCount "108"]
[WhiteFideId "12965456"]
[BlackFideId "16216121"]
[EventCountry "GER"]
[EventRounds "9"]
[EventType "swiss"]
[EventDate "2018.05.19"]

1. e4 c5 2. d4 cxd4 3. c3 dxc3 4. Nxc3 e6 5. Nf3 Nc6 6. a3 a6 7. Bc4 b5 8. Ba2
Bb7 9. O-O g6 10. e5 Bg7 11. Ne4 Qc7 12. Nd6+ Ke7 13. Bg5+ f6 14. exf6+ Bxf6
15. Ne4 Bxg5 16. Nexg5 Ne5 17. Rc1 Nxf3+ 18. Nxf3 Qd6 19. Qxd6+ Kxd6 20. Rfd1+
Ke7 21. Ne5 Nf6 22. Rc7 Bd5 23. Bxd5 exd5 24. Re1 Kd6 25. Rc2 Rhf8 26. Nd3 Rfe8
27. Rd1 Rac8 28. Rcd2 Ne4 29. Re2 Nc5 30. Rxe8 Rxe8 31. Nb4 Na4 32. Rxd5+ Kc7
33. Kf1 Nxb2 34. Nxa6+ Kb6 35. Nb4 Re7 36. Rd2 Nc4 37. Rd3 Kc5 38. Nd5 Rf7 39.
Ne3 Nxe3+ 40. Rxe3 d5 41. Ke2 Kc4 42. g3 d4 43. Re4 Ra7 44. Rh4 h5 45. g4 hxg4
46. Rxg4 Ra6 47. h4 Kc3 48. Rg3+ Kc2 49. f4 Re6+ 50. Kf1 d3 51. Rg5 d2 52. Rc5+
Kd3 53. Rd5+ Kc3 54. Rc5+ Kd4 0-1

[Event "ODJM B 2018"]
[Site "Willingen GER"]
[Date "2018.05.20"]
[Round "1"]
[White "Rösch, Felix"]
[Black "Rothenberg, Nina"]
[Result "1-0"]
[Termination "normal"]
[Board "28"]
[WhiteElo "1487"]
[BlackElo "1678"]
[PlyCount "95"]
[WhiteFideId "12972363"]
[BlackFideId "16208943"]
[EventCountry "GER"]
[EventRounds "9"]
[EventType "swiss"]
[EventDate "2018.05.19"]

1. e4 e6 2. d4 d5 3. e5 c5 4. c3 Nc6 5. Nf3 Qb6 6. Be2 Nge7 7. dxc5 Qxc5 8. Be3
Qa5 9. O-O Qc7 10. Bd4 Bd7 11. Bd3 Ng6 12. Re1 Be7 13. Nbd2 O-O 14. Nb3 Rac8
15. Rc1 Qb8 16. Nc5 Rfd8 17. Nxd7 Rxd7 18. Re2 a6 19. Bxg6 fxg6 20. Bb6 Rf8 21.
Qe1 Rf5 22. Nd4 Rxe5 23. Nxc6 bxc6 24. Rxe5 Qxb6 25. Rxe6 Qxb2 26. Rxc6 Bf8 27.
h3 Qxa2 28. Qe6+ Rf7 29. Rf1 Qa5 30. Rxa6 Qxc3 31. Qxd5 Qc7 32. Rfa1 Qf4 33. f3
Kh8 34. Kh1 Qf5 35. Qxf5 gxf5 36. Ra7 Rf6 37. R1a6 Rxa6 38. Rxa6 h6 39. Kg1 Be7
40. Kf2 Kh7 41. Kg3 Bg5 42. Kf2 Bf6 43. Rxf6 gxf6 44. Ke3 Kg6 45. Kf4 Kh5 46.
Kxf5 Kh4 47. Kxf6 h5 48. Kg6 1-0

[Event "ODJM B 2018"]
[Site "Willingen GER"]
[Date "2018.05.20"]
[Round "1"]
[White "Hoke, Joshua Sky"]
[Black "Kieselbach, Marvin"]
[Result "0-1"]
[Termination "normal"]
[Board "29"]
[WhiteElo "1620"]
[BlackElo "1440"]
[PlyCount "126"]
[WhiteFideId "16218272"]
[BlackFideId "16235770"]
[EventCountry "GER"]
[EventRounds "9"]
[EventType "swiss"]
[EventDate "2018.05.19"]

1. e4 c6 2. d4 d5 3. Nc3 h6 4. Nf3 Nf6 5. Bd3 dxe4 6. Nxe4 Nxe4 7. Bxe4 Bg4 8.
h3 Bxf3 9. Bxf3 Nd7 10. O-O Nf6 11. Bf4 e6 12. Re1 Bd6 13. Be5 O-O 14. Qe2 Bxe5
15. dxe5 Nd5 16. Rad1 Nf4 17. Qe4 Qg5 18. Kh2 Rad8 19. Rd6 Rxd6 20. exd6 Rd8
21. Rd1 Nd5 22. c4 Nf6 23. Qd4 c5 24. Qd3 Qe5+ 25. Kg1 Qxb2 26. Rb1 Qxa2 27.
Rxb7 Nd7 28. Qe2 Qa1+ 29. Qd1 Qa6 30. Qd3 Ne5 31. Qe4 Nxc4 32. Be2 Nxd6 33.
Bxa6 Nxe4 34. Rxa7 Rd1+ 35. Kh2 Nxf2 36. Ra8+ Kh7 37. Rc8 Ne4 38. Be2 Rc1 39.
Bd3 f5 40. Rc6 e5 41. g4 Rc3 42. Bb1 g6 43. Rc7+ Kg8 44. gxf5 Nd2 45. Ba2+ c4
46. fxg6 e4 47. Re7 Rc2 48. Bxc4+ Nxc4+ 49. Kg3 e3 50. h4 Nd6 51. Kf3 Nf5 52.
Re8+ Kg7 53. h5 Rf2+ 54. Kg4 e2 55. Re4 Nd4 56. Re7+ Kf8 57. g7+ Kxe7 58. g8=N+
Kf8 59. Nxh6 e1=Q 60. Kg5 Qg1+ 61. Ng4 Rg2 62. Kh6 Rxg4 63. Kh7 Rg7+ 0-1

[Event "ODJM B 2018"]
[Site "Willingen GER"]
[Date "2018.05.20"]
[Round "1"]
[White "Hagenbeck-Hübert, Jan"]
[Black "Fromm, Johannes"]
[Result "0-1"]
[Termination "normal"]
[Board "30"]
[WhiteElo "1493"]
[BlackElo "1705"]
[PlyCount "32"]
[WhiteFideId "16259505"]
[BlackFideId "12993204"]
[EventCountry "GER"]
[EventRounds "9"]
[EventType "swiss"]
[EventDate "2018.05.19"]

1. e4 c5 2. c4 Nc6 3. Nc3 g6 4. g3 Bg7 5. Bg2 a6 6. Nf3 Rb8 7. a3 b5 8. cxb5
axb5 9. O-O b4 10. axb4 Nxb4 11. d4 cxd4 12. Nxd4 d6 13. Be3 Nf6 14. f4 Ng4 15.
Bc1 Qb6 16. Ncb5 Bd7 0-1

[Event "ODJM B 2018"]
[Site "Willingen GER"]
[Date "2018.05.20"]
[Round "1"]
[White "Lilienthal, Niels Bennett"]
[Black "Stülcken, Philipp"]
[Result "0-1"]
[Termination "normal"]
[Board "31"]
[WhiteElo "1723"]
[BlackElo "1399"]
[PlyCount "56"]
[WhiteFideId "16205421"]
[BlackFideId "12986232"]
[EventCountry "GER"]
[EventRounds "9"]
[EventType "swiss"]
[EventDate "2018.05.19"]

1. d4 Nf6 2. Nd2 e6 3. Ngf3 d5 4. e3 Nbd7 5. Bd3 Bd6 6. O-O O-O 7. c3 c5 8. e4
cxd4 9. Nxd4 dxe4 10. Nxe4 Nxe4 11. Bxe4 Bxh2+ 12. Kxh2 Qh4+ 13. Kg1 Qxe4 14.
Re1 Qd5 15. Qe2 a6 16. Be3 Nf6 17. Nf3 Bd7 18. Bd4 Bc6 19. Qc2 Ng4 20. Rad1 Qh5
21. Kf1 Qh1+ 22. Ke2 Qxg2 23. Qd3 Bxf3+ 24. Qxf3 Qxf3+ 25. Kxf3 Nh6 26. Rg1 Nf5
27. Be5 Rfd8 28. Ke4 Rac8 0-1

[Event "ODJM B 2018"]
[Site "Willingen GER"]
[Date "2018.05.20"]
[Round "1"]
[White "Ewerhardy, Moritz"]
[Black "Kublanov, Carolin"]
[Result "0-1"]
[Termination "normal"]
[Board "32"]
[WhiteElo "1348"]
[BlackElo "1750"]
[PlyCount "54"]
[WhiteFideId "36052086"]
[BlackFideId "12944548"]
[EventCountry "GER"]
[EventRounds "9"]
[EventType "swiss"]
[EventDate "2018.05.19"]

1. d4 d5 2. c4 e6 3. Bf4 Nf6 4. Nc3 Bd6 5. Bg3 a6 6. e3 O-O 7. Nf3 b6 8. Rc1
Bb7 9. cxd5 exd5 10. Bd3 Ne4 11. Nd2 f5 12. Bxd6 Qxd6 13. f3 Ng5 14. O-O Nd7
15. Qc2 Qg6 16. h4 Ne6 17. g4 Qh6 18. Bxf5 Qxe3+ 19. Kg2 Rxf5 20. gxf5 Nxd4 21.
Qd1 Nxf5 22. Kh3 Qf4 23. Qe1 Ne5 24. Ne2 Qh6 25. f4 Nd3 26. Qd1 Qxh4+ 27. Kg2
Ne3+ 0-1

[Event "ODJM B 2018"]
[Site "Willingen GER"]
[Date "2018.05.20"]
[Round "1"]
[White "Garbuz, Nicole"]
[Black "Hövert, Kai"]
[Result "1/2-1/2"]
[Termination "normal"]
[Board "33"]
[WhiteElo "1679"]
[BlackElo "1471"]
[PlyCount "89"]
[WhiteFideId "12990701"]
[BlackFideId "16266056"]
[EventCountry "GER"]
[EventRounds "9"]
[EventType "swiss"]
[EventDate "2018.05.19"]

1. e4 c5 2. d4 cxd4 3. c3 d3 4. Bxd3 g6 5. c4 Bg7 6. Nc3 Nc6 7. Nf3 d6 8. h3 h6
9. Be3 Nf6 10. a3 Nd7 11. O-O O-O 12. Qd2 Kh7 13. b4 b6 14. Rab1 Bb7 15. c5
dxc5 16. bxc5 Nce5 17. Be2 Nxc5 18. Qxd8 Nxf3+ 19. gxf3 Rfxd8 20. Bxc5 bxc5 21.
Rxb7 Bxc3 22. Rxe7 Kg7 23. Bc4 Rf8 24. Rb1 Bf6 25. Rc7 Bd8 26. Rxc5 Bb6 27. Rc6
Rac8 28. Bd5 Rxc6 29. Bxc6 Rc8 30. Rc1 Bd4 31. Rc4 Bb6 32. Kg2 Kf6 33. f4 g5
34. e5+ Ke7 35. f5 f6 36. e6 Kd6 37. Bb5 Rc5 38. Rd4+ Ke7 39. Rd7+ Ke8 40.
Rxa7+ Rxb5 41. Rb7 Rb2 42. Rb8+ Ke7 43. Rb7+ Ke8 44. Rb8+ Ke7 45. Rb7+ 1/2-1/2

[Event "ODJM B 2018"]
[Site "Willingen GER"]
[Date "2018.05.20"]
[Round "1"]
[White "Maul, Maik"]
[Black "Oberhofer, Marie"]
[Result "0-1"]
[Termination "normal"]
[Board "34"]
[WhiteElo "1443"]
[BlackElo "1751"]
[PlyCount "52"]
[WhiteFideId "16204816"]
[BlackFideId "12938165"]
[EventCountry "GER"]
[EventRounds "9"]
[EventType "swiss"]
[EventDate "2018.05.19"]

1. d4 Nf6 2. c4 c5 3. Nc3 e6 4. Bg5 cxd4 5. Qxd4 Nc6 6. Qh4 Be7 7. Nf3 O-O 8.
e4 Qa5 9. Be2 Re8 10. O-O d6 11. Bd3 e5 12. Nd5 Qd8 13. Rad1 Be6 14. c5 dxc5
15. Bb5 Nxd5 16. exd5 Bxd5 17. Rxd5 Qxd5 18. Bxe7 Nxe7 19. Bxe8 Rxe8 20. Qa4
Nc6 21. Rd1 Qe6 22. Ng5 Qe7 23. Ne4 Rd8 24. Rxd8+ Qxd8 25. Nxc5 Qd2 26. g3 Qc1+
0-1

[Event "ODJM B 2018"]
[Site "Willingen GER"]
[Date "2018.05.20"]
[Round "1"]
[White "Laag, Pascal"]
[Black "Graf, Maria"]
[Result "1-0"]
[Termination "normal"]
[Board "35"]
[WhiteElo "1743"]
[BlackElo "1537"]
[PlyCount "55"]
[WhiteFideId "16256069"]
[BlackFideId "12917702"]
[EventCountry "GER"]
[EventRounds "9"]
[EventType "swiss"]
[EventDate "2018.05.19"]

1. e4 d5 2. exd5 Qxd5 3. Nc3 Qa5 4. d4 c6 5. Bc4 Nf6 6. Nf3 Bg4 7. Bd2 Qc7 8.
Qe2 e6 9. h3 Bh5 10. Bb3 Nbd7 11. d5 cxd5 12. Bxd5 Nxd5 13. Nxd5 Qc6 14. Nb4
Qd6 15. Rd1 Be7 16. Bc3 Qb6 17. a3 f6 18. O-O a5 19. Bd4 Nc5 20. Nd3 Ra6 21. b4
axb4 22. axb4 Ra4 23. Nxc5 Ra3 24. Nxe6 Bxf3 25. gxf3 Qc6 26. c3 Kf7 27. Rfe1
Ra6 28. Nc5 1-0

[Event "ODJM B 2018"]
[Site "Willingen GER"]
[Date "2018.05.20"]
[Round "1"]
[White "Johlke, Lorenz"]
[Black "Fuchs, Florian"]
[Result "0-1"]
[Termination "normal"]
[Board "36"]
[WhiteElo "1456"]
[BlackElo "1661"]
[PlyCount "88"]
[WhiteFideId "16252853"]
[BlackFideId "16213351"]
[EventCountry "GER"]
[EventRounds "9"]
[EventType "swiss"]
[EventDate "2018.05.19"]

1. e4 c5 2. Nf3 d6 3. d4 cxd4 4. Nxd4 Nf6 5. Nc3 g6 6. Bg5 Bg7 7. Qd2 O-O 8.
Bh6 Nc6 9. Bxg7 Kxg7 10. Bc4 Bd7 11. O-O Rc8 12. Bb3 Qc7 13. Nf3 Na5 14. Nd5
Nxb3 15. cxb3 Nxd5 16. Qxd5 Kg8 17. h3 Bc6 18. Qd4 b6 19. Rac1 Qb7 20. Nd2 Rfd8
21. f3 e5 22. Qe3 f6 23. a4 d5 24. exd5 Bxd5 25. Nc4 b5 26. Na5 Qb6 27. Qxb6
axb6 28. Rxc8 Rxc8 29. Rd1 Ba8 30. Nc6 Bxc6 31. Rc1 Bd7 32. Rd1 Bc6 33. Rc1
bxa4 34. bxa4 Bd7 35. Rxc8+ Bxc8 36. Kf2 Kf7 37. Ke3 Ke6 38. Kd3 Kd5 39. Kc3 f5
40. Kb4 g5 41. Kb5 Bd7+ 42. Kxb6 Bxa4 43. b4 e4 44. fxe4+ fxe4 0-1

[Event "ODJM B 2018"]
[Site "Willingen GER"]
[Date "2018.05.20"]
[Round "1"]
[White "Plum, Paul"]
[Black "Borgmann, Simon"]
[Result "1-0"]
[Termination "normal"]
[Board "37"]
[WhiteElo "1601"]
[BlackElo "1614"]
[PlyCount "71"]
[WhiteFideId "16225678"]
[BlackFideId "16234677"]
[EventCountry "GER"]
[EventRounds "9"]
[EventType "swiss"]
[EventDate "2018.05.19"]

1. Nf3 d5 2. d4 Nf6 3. c4 e6 4. cxd5 Nxd5 5. e4 Nf6 6. Nc3 c5 7. Be2 cxd4 8.
Qxd4 Qxd4 9. Nxd4 Bb4 10. f3 O-O 11. Bd2 Bd7 12. a3 Bc5 13. Nb3 Bb6 14. O-O-O
Nc6 15. Bg5 Be8 16. Bb5 h6 17. Bf4 Kh8 18. Na4 Bd8 19. Nac5 Na5 20. Nxa5 Bxb5
21. Naxb7 Be7 22. Bd6 Rfe8 23. Bxe7 Rxe7 24. b4 Nd7 25. Nxd7 Rxd7 26. Rxd7 Bxd7
27. Nc5 Bc6 28. Rd1 Kg8 29. Kb2 Kf8 30. Nd7+ Ke7 31. Ne5 Ba4 32. Rc1 f6 33.
Nc6+ Kd7 34. Nd4 Rb8 35. Nb3 a6 36. Nc5+ 1-0

[Event "ODJM B 2018"]
[Site "Willingen GER"]
[Date "2018.05.20"]
[Round "1"]
[White "Waligora, Franciszek"]
[Black "Stork, Christopher"]
[Result "0-1"]
[Termination "normal"]
[Board "38"]
[WhiteElo "1374"]
[BlackElo "1715"]
[PlyCount "158"]
[WhiteFideId "4005120"]
[BlackFideId "16215400"]
[EventCountry "GER"]
[EventRounds "9"]
[EventType "swiss"]
[EventDate "2018.05.19"]

1. e4 c5 2. Nf3 Nc6 3. d4 cxd4 4. Nxd4 g6 5. c4 Bg7 6. Be3 Nf6 7. f3 O-O 8. Qd2
d6 9. Be2 Bd7 10. O-O Nxd4 11. Bxd4 Bc6 12. Nc3 b6 13. Rac1 Rc8 14. Rfd1 Qd7
15. Nb5 Bxb5 16. cxb5 Rxc1 17. Rxc1 Rc8 18. Be3 Rxc1+ 19. Qxc1 d5 20. Qc6 dxe4
21. fxe4 Qd8 22. b3 e6 23. a4 Qb8 24. Bf3 Bf8 25. Qc3 Bg7 26. Qd2 Bf8 27. Bf4
e5 28. Be3 Qd6 29. Qxd6 Bxd6 30. a5 Nd7 31. Bg4 Nc5 32. axb6 axb6 33. Bf3 Kf8
34. Kf1 Ke7 35. Ke2 Kd7 36. b4 Na4 37. Bd2 Nb2 38. Bc3 Nc4 39. Kd1 Be7 40. Be2
Nd6 41. Bxe5 Nxe4 42. Bf3 f5 43. Bd4 Bxb4 44. Bxb6 Nc3+ 45. Kc2 Nxb5 46. Kb3
Bd6 47. h3 Ke6 48. Kc4 Nc7 49. Bd4 Bg3 50. Bb6 Ne8 51. Bd5+ Kf6 52. Bd8+ Kg7
53. Bc6 Nd6+ 54. Kd5 Nf7 55. Bb6 h5 56. Bd4+ Kh6 57. Be8 Nd6 58. Bd7 Ne4 59.
Be5 Kg5 60. Bxg3 Nxg3 61. Be8 Ne2 62. Kc4 Nf4 63. Bc6 Kh4 64. Kd4 Kg3 65. Ke5
Nxg2 66. Kf6 Nh4 67. Kg5 Kxh3 68. Bd7 Kg3 69. Bc6 f4 70. Bb5 f3 71. Bc6 f2 72.
Bb5 Kg2 73. Kxh4 f1=Q 74. Bxf1+ Kxf1 75. Kh3 g5 76. Kg3 h4+ 77. Kf3 Kg1 78. Kg4
Kg2 79. Kxg5 h3 0-1

[Event "ODJM B 2018"]
[Site "Willingen GER"]
[Date "2018.05.20"]
[Round "1"]
[White "Grunert, Wilhelm"]
[Black "Lange, Malina"]
[Result "1-0"]
[Termination "normal"]
[Board "39"]
[WhiteElo "1607"]
[BlackElo "1531"]
[PlyCount "149"]
[WhiteFideId "12995673"]
[BlackFideId "16228952"]
[EventCountry "GER"]
[EventRounds "9"]
[EventType "swiss"]
[EventDate "2018.05.19"]

1. e4 e5 2. Nf3 Nc6 3. Bb5 a6 4. Ba4 Nf6 5. O-O b5 6. Bb3 Bb7 7. Ng5 d5 8. exd5
Nd4 9. Re1 Bd6 10. Nf3 Nxb3 11. Nxe5 O-O 12. axb3 Nxd5 13. d4 Re8 14. Bd2 c5
15. Qf3 Qc7 16. Ba5 Qe7 17. Na3 Bxe5 18. Rxe5 Qd7 19. Rae1 f6 20. R5e2 Nb4 21.
Qh5 Rxe2 22. Rxe2 Qc6 23. f3 Nd5 24. Qf5 Re8 25. Re4 g6 26. Rxe8+ Qxe8 27. Qe4
Qxe4 28. fxe4 Ne7 29. d5 Nc8 30. Bc7 Kf7 31. Nb1 b4 32. Nd2 Ke7 33. c3 Kd7 34.
Bg3 Nb6 35. cxb4 cxb4 36. Nc4 Nc8 37. Kf2 Ne7 38. Ke3 f5 39. Nb6+ Kd8 40. Bh4
Ke8 41. d6 Nc6 42. exf5 gxf5 43. d7+ Kf7 44. g3 Ke6 45. d8=Q Nxd8 46. Bxd8 Kd6
47. Kf4 Be4 48. g4 Ke6 49. Nc4 Bc2 50. Ne3 Bxb3 51. gxf5+ Kf7 52. Ba5 Ba4 53.
Bxb4 h6 54. Ng4 h5 55. Ne5+ Kf6 56. Bc3 Bb3 57. Ng6+ Kf7 58. Kg5 Bd1 59. Nh8+
Kf8 60. f6 Bb3 61. Kg6 Bc2+ 62. Kxh5 Bd1+ 63. Kg5 Bb3 64. h4 Bc4 65. h5 Bd5 66.
h6 Bg8 67. Kg6 Bb3 68. h7 Bc2+ 69. Kh6 Bb3 70. Ng6+ Kf7 71. h8=Q Ke6 72. Qd8
Bc4 73. f7 Kxf7 74. Qe7+ Kg8 75. Qg7# 1-0